| 000 | 00715nab a2200253 a 4500 | ||
|---|---|---|---|
| 001 | 53667 | ||
| 003 | 124241 | ||
| 005 | 20201118102931.0 | ||
| 008 | ||||||n9999 ||| || || | ||
| 041 | _aspa | ||
| 100 | _aVives Menotti, Juan Carlos | ||
| 245 | 0 | _aEl rol de la Superintendencia en un mercado en competencia | |
| 260 |
_aBogotá : _bSuperintendencia de Servicios Públicos, _c1997. |
||
| 300 | _app.94-98 | ||
| 562 | _e0 | ||
| 650 | _aARTICULOS | ||
| 650 | _aCAMBIO TECNOLÓGICO | ||
| 650 | _aCOLOMBIA | ||
| 650 | _aCOMPETITIVIDAD | ||
| 650 | _aCONTEXTO ECONOMICO | ||
| 650 | _aSUPERINTENDENCIA DE SERVICIOS PUBLICOS | ||
| 773 |
_050588 _aSupervisión - Vol.2 No.4 (1997) |
||
| 942 | _cSART | ||
| 999 |
_c53667 _d53667 |
||